000
00244nam a22001097a 4500
082
_a
808.3 TWA'A
100
_a
TWAIN, MARK
_9
23893
245
_a
THE ADVENTURE OF TOM SAWYER
260
_a
LONDON
_b
SCHOFIELD
_c
1968
300
_a
176P
942
_c
BK
999
_c
568053
_d
568053